| 000 | 01564nam a2200349 i 4500 | ||
|---|---|---|---|
| 001 | 000036678 | ||
| 003 | DO-SdBNP | ||
| 005 | 20250924073803.0 | ||
| 007 | ta | ||
| 008 | 120124s1982 dr 000 0 spa d | ||
| 040 |
_aDO-SdBNP _bspa _cBNPHU _erda |
||
| 082 |
_a780.97293 _bJ82md _222 |
||
| 100 | 1 |
_aJorge, Bernarda. _eautor _950580 |
|
| 245 | 1 | 3 |
_aLa música dominicana siglos XIX-XX / _cBernarda Jorge. |
| 260 | _b | ||
| 264 |
_aSanto Domingo : _bUASD, _c1982. |
||
| 300 |
_a207 páginsa : _bilustraciones ; _c28 cm. |
||
| 336 |
_ardacontent _btexto _2txt |
||
| 337 |
_ardamedia _bsin mediación _2n |
||
| 338 |
_ardacarrier _bvolumen _2nc |
||
| 490 | 1 |
_aPublicaciones de la Universidad Autónoma de Santo Domingo ; _v306 |
|
| 490 | 1 | _aArte y Sociedad | |
| 500 | _aTextos a dos columnas | ||
| 504 | _aBibliografía : p. 195 -201 | ||
| 505 | _aLa música en España en el siglo XVI 19|La música de los taínos 21|La música en los primeros siglos de la Colonia 27|Bailes y danzas 39|Actividad musical 59|Compositores, estilos y obras 93|Música popular tradicional 111|Actividad musical en los inicios del siglo 143|Creación (1900-1940) 169|Cambios a partir de la década de los 40 195|Evolución de la música "popular" hasta 1959 219|Tendencias estéticas a partir de 1960 227 | ||
| 590 | _aInventariado, 2024/DG | ||
| 650 | 4 |
_aMúsica dominicana _xHistoria y crítica _ySiglo XIX _979784 |
|
| 830 |
_aPublicaciones de la Universidad Autónoma de Santo Domingo _v306 _952 |
||
| 830 | 0 |
_aArte y Sociedad _924375 |
|
| 910 | _aDG | ||
| 942 |
_2ddc _cLBS1 |
||
| 999 |
_c36169 _d36169 |
||